000 01198nam a22002897a 4500
003 NALT
005 20251125233001.0
008 s2548 th tha d
020 _a9742883254
040 _aNALT
041 _atha
090 _aKE 74
_bบ153ห 2548
100 0 _aบรรเจิด สิงคะเนติ
_912040
245 1 0 _aหลักกฎหมายเกี่ยวกับการควบคุมฝ่ายปกครอง /
_cบรรเจิด สิงคะเนติ.
250 _aพิมพครั้งที่ 2
260 _aกรุงเทพฯ :
_bวิญญูชน,
_c2548
300 _a291 หน้า ;
_c26 ซม.
650 0 4 _aการดำเนินคดีปกครอง
650 0 4 _aวิธีพิจารณาคดีปกครอง
650 0 4 _aการควบคุมฝ่ายปกครอง
650 0 4 _aฝ่ายปกครอง
650 0 4 _aกฎหมายปกครอง
850 _aNALT
856 4 0 _uhttps://hdl.handle.net/20.500.14156/302925
942 _cLB
_2local
999 _c47291
_d47291
998 _j109
_k อารีรัตน์ วิชาช่าง